[Event "38th Olympiad"]
[Site "Dresden GER"]
[Date "2008.11.25"]
[Round "11"]
[White "Warner,De"]
[Black "Eid,Fa"]
[Result "0-1"]
[WhiteElo "2226"]
[BlackElo "2390"]
[EventDate "2008.11.13"]

1. d4 Nf6 2. c4 g6 3. Nc3 Bg7 4. e4 d6 5. f4 O-O 6. Nf3 a6 7. a4 Bg4 8. Be2
Nfd7 9. Be3 Nc6 10. d5 Bxf3 11. Bxf3 Na5 12. Qd3 Nb6 13. Bf2 c5 14. dxc6
Nxc6 15. Nd5 Nxd5 16. cxd5 Qa5+ 17. Ke2 Nb8 18. b4 Qd8 19. Rab1 a5 20. bxa5
Qxa5 21. Rxb7 Qxa4 22. Rhb1 Nd7 23. Qb5 Qc2+ 24. Kf1 Rfb8 25. Ba7 Rxb7 26.
Qxb7 Rxa7 27. Qxa7 Qxb1+ 28. Kf2 Bc3 29. Kg3 Qe1+ 30. Kh3 Bf6 31. g3 Qf1+
32. Bg2 Qe2 33. Bh1 Qf1+ 34. Bg2 Qd1 0-1

[Event "38th Olympiad"]
[Site "Dresden GER"]
[Date "2008.11.25"]
[Round "11"]
[White "Khairallah,F"]
[Black "Del Castilho,M"]
[Result "1/2-1/2"]
[WhiteElo "2337"]
[BlackElo "2161"]
[EventDate "2008.11.13"]

1. c4 Nc6 2. Nc3 Nf6 3. g3 d5 4. cxd5 Nxd5 5. Bg2 Nb6 6. d3 e5 7. Bxc6+
bxc6 8. Nf3 Bd6 9. Qc2 Qe7 10. d4 exd4 11. Nxd4 Bd7 12. Nf5 Qe5 13. Nxd6+
cxd6 14. Bf4 Qe7 15. Ne4 Nc8 16. Rd1 d5 17. Nc5 O-O 18. O-O Bh3 19. Rfe1
Nd6 20. e4 Rfe8 21. Bxd6 Qxd6 22. Re3 Qg6 23. Qe2 dxe4 24. Rxe4 Rxe4 25.
Qxe4 Qxe4 26. Nxe4 Be6 27. b3 Kf8 28. Ng5 Ke7 29. Nxe6 Kxe6 30. Rd4 c5 31.
Ra4 a5 32. Kf1 Kd5 33. Ke2 Kc6 34. Kd3 Rd8+ 35. Kc3 Kb5 36. Rf4 Rd7 37. Re4
Kc6 38. Re8 Kb6 39. Rb8+ Kc6 40. Ra8 Kb6 41. Rb8+ Kc6 42. a4 Re7 43. Kd3
Rd7+ 44. Ke3 Rd4 45. Rb5 Rb4 46. Rxb4 cxb4 47. Ke4 Kc5 48. g4 f6 49. h4 Kc6
50. f4 Kc5 51. h5 g6 52. h6 Kc6 53. g5 fxg5 54. fxg5 Kc5 55. Ke5 Kc6 56.
Ke6 Kc5 57. Kf7 Kd6 58. Kf6 Kd5 59. Kg7 Ke6 60. Kh8 Ke7 61. Kg8 Ke8 62.
Kxh7 Kf7 63. Kh8 Kf8 64. h7 1/2-1/2

[Event "38th Olympiad"]
[Site "Dresden GER"]
[Date "2008.11.25"]
[Round "11"]
[White "Sakr,N"]
[Black "Corbin,Ph"]
[Result "1/2-1/2"]
[WhiteElo "2121"]
[BlackElo "2176"]
[EventDate "2008.11.13"]

1. d4 f5 2. e3 Nf6 3. Nf3 e6 4. c4 d6 5. Nc3 b6 6. Bd3 Be7 7. Qc2 O-O 8. e4
Nc6 9. a3 Qe8 10. O-O Qh5 11. exf5 exf5 12. Re1 Ng4 13. h3 Bf6 14. Ne2 Nh6
15. Nf4 Qf7 16. d5 Ne5 17. Nd4 Re8 18. Bd2 Bd7 19. Nfe6 c5 20. Nxf5 Nxd3
21. Nxh6+ gxh6 22. Qxd3 Bxe6 23. dxe6 Rxe6 24. Rxe6 Qxe6 25. Re1 Be5 26. f4
Bd4+ 27. Kh1 Qf6 28. Bc3 Qxf4 29. Rf1 Qe3 30. Qf5 Rd8 31. Qf7+ Kh8 32.
Bxd4+ Qxd4 33. Rf2 Qg7 34. Qf3 Re8 1/2-1/2

[Event "38th Olympiad"]
[Site "Dresden GER"]
[Date "2008.11.25"]
[Round "11"]
[White "Aderito,P"]
[Black "Volpinari,D"]
[Result "1/2-1/2"]
[WhiteElo "2349"]
[BlackElo "2072"]
[EventDate "2008.11.13"]

1. Nf3 Nf6 2. g3 b6 3. Bg2 Bb7 4. d3 d5 5. e3 e6 6. Nbd2 Be7 7. a4 c5 8.
Qe2 Nc6 9. O-O O-O 10. Re1 Qc7 11. c3 Rac8 12. e4 dxe4 13. dxe4 e5 14. Nc4
Ba6 15. b3 Rcd8 16. Qc2 Bc8 17. Bg5 Ne8 18. Ne3 Be6 19. Nd5 Qb7 20. Bxe7
Nxe7 21. Ng5 Bc8 22. a5 f6 23. a6 Qd7 24. Bh3 Qd6 25. Bxc8 Rxc8 26. Nxe7+
Qxe7 27. Nf3 Nc7 28. Nd2 b5 29. Nf1 b4 30. Ra5 Ne6 31. Ne3 bxc3 32. Qxc3
Nd4 33. Kg2 Rc6 34. Rc1 Rfc8 35. Qc4+ Kh8 36. Rc3 h6 37. h4 Kh7 38. Nd5 Qd6
39. h5 Qf8 40. Qd3 Qd6 41. Ra4 Rb8 42. Ra5 Rbc8 1/2-1/2

[Event "38th Olympiad"]
[Site "Dresden GER"]
[Date "2008.11.25"]
[Round "11"]
[White "Domingos,E"]
[Black "Grassi,E"]
[Result "1-0"]
[WhiteElo "2198"]
[BlackElo "2063"]
[EventDate "2008.11.13"]

1. d4 Nf6 2. Nf3 g6 3. g3 Bg7 4. Bg2 c6 5. O-O O-O 6. c4 d6 7. Nc3 Qc7 8.
e4 e5 9. d5 c5 10. h3 a6 11. a4 b6 12. Be3 h6 13. Qd2 Kh7 14. g4 Nxe4 15.
Nxe4 f5 16. Qc2 fxe4 17. Nd2 g5 18. Nxe4 Kh8 19. Ng3 Nd7 20. Be4 Nf6 21.
Bf5 Bd7 22. Kg2 b5 23. axb5 axb5 24. b3 bxc4 25. bxc4 Rfb8 26. Bxd7 Nxd7
27. Nf5 Bf8 28. h4 Nf6 29. f3 gxh4 30. Bxh6 Bxh6 31. Nxh6 Rxa1 32. Rxa1 e4
33. Nf5 exf3+ 34. Kxf3 Qb6 35. g5 Nd7 36. Kg4 Ne5+ 37. Kxh4 Qb2 38. Qxb2
Rxb2 39. Nxd6 Rh2+ 40. Kg3 Rc2 41. Ra4 Kg7 42. Kf4 Ng6+ 43. Ke4 Re2+ 44.
Kf3 Rc2 45. Ra7+ Kf8 46. Ke4 Rf2 47. Rc7 Rf4+ 48. Ke3 Rg4 49. Ne4 Rh4 50.
Nxc5 Ne7 51. Ne6+ Ke8 52. Kf3 Nf5 53. g6 1-0

[Event "38th Olympiad"]
[Site "Dresden GER"]
[Date "2008.11.25"]
[Round "11"]
[White "Righi,E"]
[Black "Sousa,A"]
[Result "0-1"]
[WhiteElo "2094"]
[BlackElo "2210"]
[EventDate "2008.11.13"]

1. e4 d6 2. d4 Nf6 3. Nc3 g6 4. Be3 Bg7 5. Be2 c6 6. Qd2 b5 7. f3 O-O 8. h4
h5 9. Nh3 e5 10. Ng5 Qa5 11. Rd1 Re8 12. dxe5 dxe5 13. O-O Nbd7 14. Qd6 Bb7
15. b4 Qd8 16. Nxb5 cxb5 17. Bxb5 Bf8 18. Qd2 Nb6 19. Bxe8 Qxe8 20. Qc3 Rc8
21. Qb3 Ba6 22. b5 Bxb5 23. Rf2 Bc4 24. Qb2 Bb5 25. Bxb6 axb6 26. Rb1 Bc4
27. Rd2 Bc5+ 28. Kh2 Nh7 29. Nxh7 Kxh7 30. Rbd1 Qe6 31. g3 Ra8 32. Ra1 Ra3
33. Kg2 Re3 34. Rad1 Be2 35. Rb1 Bxf3+ 36. Kh2 Bxe4 37. Rf1 Rxg3 38. Rxf7+
Qxf7 39. Kxg3 Qf4+ 0-1

[Event "38th Olympiad"]
[Site "Dresden GER"]
[Date "2008.11.25"]
[Round "11"]
[White "Mateo,Ra"]
[Black "Phillips,R"]
[Result "1-0"]
[WhiteElo "2488"]
[BlackElo "2250"]
[EventDate "2008.11.13"]

1. d4 Nf6 2. Nf3 g6 3. Bg5 Bg7 4. Nbd2 O-O 5. e3 d6 6. h3 Nbd7 7. Be2 b6 8.
O-O Bb7 9. a4 a5 10. c3 e6 11. Re1 Qe7 12. b4 h6 13. Bh4 e5 14. bxa5 e4 15.
Nh2 Rxa5 16. Nb3 Ra7 17. a5 Rfa8 18. Qb1 g5 19. Bg3 Nd5 20. Qb2 f5 21. Nf1
f4 22. Bh2 Qf7 23. axb6 N7xb6 24. Rxa7 Rxa7 25. c4 f3 26. cxd5 fxe2 27.
Qxe2 Bxd5 28. Ra1 Bc4 29. Qe1 Rxa1 30. Nxa1 Qd5 31. Nc2 Bd3 32. Nb4 Qc4 33.
Ng3 c5 34. Nc6 cxd4 35. Nxd4 Bxd4 36. exd4 Nd5 37. Nf5 Nf4 38. Bxf4 gxf4
39. Qa5 e3 40. Qd8+ Kh7 41. Qd7+ Kg6 42. Nh4+ Kf6 43. Qxd6+ Kg7 44. Qxf4 e2
45. Qe5+ Kh7 46. Nf3 Qc2 47. Qa5 Be4 48. Ne1 Qb2 49. Qc7+ Kg8 50. Qd8+ Kf7
51. Qd7+ Kf8 52. Qd6+ 1-0

[Event "38th Olympiad"]
[Site "Dresden GER"]
[Date "2008.11.25"]
[Round "11"]
[White "Hernandez,Gu DOM"]
[Black "Chinasamy,D"]
[Result "1-0"]
[WhiteElo "2360"]
[BlackElo "2086"]
[EventDate "2008.11.13"]

1. Nf3 Nf6 2. c4 e6 3. Nc3 Bb4 4. g4 h6 5. Qc2 Nc6 6. a3 Bc5 7. b4 Nd4 8.
Qd3 Nxf3+ 9. Qxf3 Be7 10. h4 Nh7 11. Qg3 d5 12. Bb2 c6 13. e3 Bf6 14. d4
Qe7 15. f4 g5 16. hxg5 hxg5 17. O-O-O Nf8 18. Rxh8 Bxh8 19. Qf2 Qf6 20. Bd3
Bd7 21. f5 O-O-O 22. Rf1 Be8 23. Kb1 Nd7 24. Qh2 Bg7 25. b5 Qh6 26. Qc2 Nb6
27. c5 Na8 28. Qa4 Kb8 29. Ka1 exf5 30. gxf5 g4 31. bxc6 Bxc6 32. Bb5 Nc7
33. Bxc6 bxc6 34. Rb1 Ka8 35. Qa5 Rd7 36. Na4 Re7 37. Bc1 Nb5 38. Qd8+ 1-0

[Event "38th Olympiad"]
[Site "Dresden GER"]
[Date "2008.11.25"]
[Round "11"]
[White "Li Ying,P"]
[Black "Jaquez,J"]
[Result "0-1"]
[WhiteElo "2153"]
[BlackElo "2223"]
[EventDate "2008.11.13"]

1. d4 Nf6 2. c4 e6 3. Nf3 b6 4. a3 Bb7 5. e3 c5 6. Nc3 d6 7. Be2 Be7 8. O-O
O-O 9. b4 Nbd7 10. Bb2 a6 11. Qb3 Rb8 12. dxc5 dxc5 13. Rfd1 Qc7 14. Rd2
Rfd8 15. Rad1 h6 16. h3 Rbc8 17. b5 a5 18. Na4 Kf8 19. Qa2 Be4 20. Qa1 Qb7
21. Nc3 Bh7 22. Bf1 Ne8 23. Na4 Rb8 24. Ne5 Nxe5 25. Bxe5 Rxd2 26. Rxd2 Rd8
27. Qd1 Rxd2 28. Qxd2 f6 29. Bc3 Nd6 30. Bxa5 Ne4 31. Qe1 bxa5 32. Qxa5 Ng5
33. f3 Nf7 34. b6 Qc6 35. e4 Nd8 36. Be2 Bg6 37. Kf1 Be8 38. Bd1 Qd6 39.
Ke2 Bc6 40. Nb2 f5 41. Bc2 fxe4 42. Bxe4 Bxe4 43. fxe4 Qd4 44. Qb5 Qxe4+
45. Kf1 Qf4+ 46. Ke2 Qe5+ 47. Kd1 Qe4 48. a4 Nb7 49. a5 Bg5 50. a6 Nd6 51.
Qb3 Qxg2 52. Qd3 Ne4 53. Qd7 Nc3+ 0-1

[Event "38th Olympiad"]
[Site "Dresden GER"]
[Date "2008.11.25"]
[Round "11"]
[White "Gebregziabher,B"]
[Black "Pribeanu,D"]
[Result "0-1"]
[WhiteElo "2073"]
[BlackElo "2232"]
[EventDate "2008.11.13"]

1. d4 Nf6 2. c4 g6 3. Nc3 Bg7 4. e4 d6 5. Be2 O-O 6. Nf3 Nbd7 7. Be3 e5 8.
d5 Ng4 9. Bd2 f5 10. Bg5 Ndf6 11. exf5 gxf5 12. Qd2 Qe8 13. h3 Nxf2 14.
Kxf2 Ne4+ 15. Nxe4 fxe4 16. Rhe1 Qg6 17. Rg1 Kh8 18. Raf1 exf3 19. gxf3 Qf7
20. Bh6 Bxh6 21. Qxh6 Bf5 22. Rg3 Rg8 23. Rfg1 Rxg3 24. Rxg3 Rf8 25. Ke1
Bg6 26. Qg5 Qf4 27. Qxf4 Rxf4 28. Kd2 Bf5 29. Bf1 Bg6 30. Ke3 Kg7 31. Rg4
Rxg4 32. hxg4 h6 33. f4 Kf6 34. Be2 b6 35. a3 Bc2 36. Kd2 Ba4 37. Ke3 Bb3
38. Ke4 exf4 39. Kxf4 b5 40. cxb5 Bxd5 41. b4 Bb3 42. Bd3 d5 43. Bf5 Bc4
44. Bd7 d4 45. Ke4 d3 46. Ke3 Kg5 47. Kd2 Kf4 48. Kc3 Ke3 49. b6 d2 50. Ba4
Bb5 51. bxc7 Bxa4 52. c8=Q d1=Q 53. Qe6+ Kf2 54. Qxh6 Qf3+ 55. Kd4 Qxg4+
56. Ke5 Qe2+ 57. Kd4 Qb2+ 58. Kd5 Qb3+ 59. Kd4 Qb2+ 60. Kd5 Bb3+ 61. Kc6
Qc3+ 62. Kb7 Bd5+ 63. Kb8 Qg3+ 64. Kc8 Qc3+ 65. Kd7 Bf3 66. Qh2+ Bg2 67.
Qf4+ Kg1 68. Qd6 Bh3+ 69. Ke8 Qh8+ 70. Qf8 Qe5+ 71. Qe7 Qh8+ 72. Kf7 Qh5+
73. Kg7 Qg4+ 74. Kh6 Qd4 75. Qe1+ Bf1 76. Qg3+ Bg2 77. Qe1+ Kh2 78. Qe7
Qf4+ 79. Kg7 Qg3+ 80. Kh6 Qxa3 81. Qc5 Qh3+ 82. Kg7 Qd7+ 83. Kf6 Qd8+ 84.
Kg7 Qd7+ 85. Kf6 a6 86. Qe5+ Kh1 87. Qe1+ Kh2 88. Qe5+ Kh3 89. Qe3+ Kg4 90.
Qg5+ Kf3 91. Qc5 Qd8+ 92. Kg7 Qd3 93. Kf6 Ke2 94. Qe5+ Be4 95. Qh2+ Kd1 96.
Qg1+ Kc2 97. Ke7 Kb3 98. Qb6 Bd5 99. Kf6 Qf3+ 100. Kg5 Bc4 101. Qd6 Qd5+
102. Qxd5 Bxd5 103. Kf4 Kxb4 104. Ke5 a5 105. Kxd5 a4 106. Kc6 a3 107. Kb6
a2 108. Kb7 a1=Q 0-1

[Event "38th Olympiad"]
[Site "Dresden GER"]
[Date "2008.11.25"]
[Round "11"]
[White "Faulks,N"]
[Black "De la Riva Aguado,O"]
[Result "0-1"]
[WhiteElo "2100"]
[BlackElo "2537"]
[EventDate "2008.11.13"]

1. e4 c5 2. Nf3 Nc6 3. d4 cxd4 4. Nxd4 e6 5. Nb5 d6 6. c4 Nf6 7. N1c3 a6 8.
Na3 Be7 9. Be2 O-O 10. O-O b6 11. Bf4 Bb7 12. Qd2 Ne5 13. f3 Qc7 14. Rac1
Rac8 15. Rfd1 Rfe8 16. Kh1 h6 17. Be3 Ng6 18. Bf1 Nd7 19. Qf2 Bd8 20. Qd2
Be7 21. Qf2 Ba8 22. Nc2 Qb8 23. a3 Nge5 24. b3 b5 25. Nb4 bxc4 26. bxc4
Nxc4 27. Nxa6 Qb3 28. Bd4 Nxa3 29. Rd2 e5 30. Rb2 Qe6 31. Be3 Nc4 32. Bxc4
Rxc4 33. Nb5 Rxc1+ 34. Bxc1 Qc4 35. Be3 Qa4 36. h3 Qxa6 37. Nc7 Qc8 38.
Nxe8 Qxe8 39. Qc2 Nc5 40. Qc4 Bc6 41. Qa2 Bf8 42. Qa7 Qa8 0-1

[Event "38th Olympiad"]
[Site "Dresden GER"]
[Date "2008.11.25"]
[Round "11"]
[White "Garcia,Rau"]
[Black "Bradshaw,K"]
[Result "1-0"]
[WhiteElo "2257"]
[BlackElo "1835"]
[EventDate "2008.11.13"]

1. d4 Nf6 2. Nf3 g6 3. c4 Bg7 4. Nc3 d6 5. Bg5 O-O 6. e3 Bg4 7. Be2 c6 8.
h3 Bxf3 9. Bxf3 Nbd7 10. O-O Re8 11. Qc2 Qc7 12. Rac1 a6 13. b4 e5 14. Rfd1
h6 15. Bh4 exd4 16. exd4 Rac8 17. Bg3 Bf8 18. c5 Re6 19. d5 cxd5 20. Nxd5
Qb8 21. Nf4 Ree8 22. Qb3 Ne5 23. Nd5 Nxf3+ 24. Qxf3 Nxd5 25. Rxd5 Rc6 26.
Rcd1 Re6 27. Qd3 Qe8 28. cxd6 Re1+ 29. Kh2 Rxd1 30. Qxd1 Qd7 31. Qg4 Qd8
32. Qd4 Qd7 33. Qf6 1-0

[Event "38th Olympiad"]
[Site "Dresden GER"]
[Date "2008.11.25"]
[Round "11"]
[White "Santamaria,V"]
[Black "Dill,J"]
[Result "1-0"]
[WhiteElo "2106"]
[BlackElo "2093"]
[EventDate "2008.11.13"]

1. e4 c5 2. d3 e6 3. g3 Nc6 4. Bg2 Nf6 5. Nf3 d6 6. O-O Be7 7. Re1 Qc7 8.
c3 O-O 9. d4 cxd4 10. cxd4 Rd8 11. Nc3 a6 12. d5 Ne5 13. Nd4 Ng6 14. dxe6
fxe6 15. Qb3 d5 16. exd5 exd5 17. Nxd5 Nxd5 18. Bxd5+ Kh8 19. Be3 Qd6 20.
Bg2 Rf8 21. Rad1 Qb4 22. Qc2 Bf6 23. a3 Qa5 24. Nb3 Qh5 25. Rd5 Ne5 26. f4
Nf3+ 27. Bxf3 Qxf3 28. Rd2 Re8 29. Rf2 Qg4 30. Qd2 Bd7 31. Bd4 Rxe1+ 32.
Qxe1 Re8 33. Qd2 Bxd4 34. Nxd4 h5 35. Nf3 Bc6 36. Ne5 Qe6 37. Qd1 g6 38.
Qc2 Qf5 39. Nxg6+ Qxg6 40. Qxg6 Re1+ 41. Rf1 Re2 42. Qxh5+ 1-0

[Event "38th Olympiad"]
[Site "Dresden GER"]
[Date "2008.11.25"]
[Round "11"]
[White "Simutowe,A"]
[Black "Rowe,P"]
[Result "1-0"]
[WhiteElo "2462"]
[BlackElo "2053"]
[EventDate "2008.11.13"]

1. d4 d5 2. c4 e6 3. Nc3 Nf6 4. cxd5 exd5 5. Bg5 Be7 6. e3 Bf5 7. Bxf6 Bxf6
8. Qb3 Be6 9. Qxb7 Nd7 10. Nxd5 Bxd5 11. Qxd5 O-O 12. Bb5 Nb6 13. Qxd8
Rfxd8 14. Rc1 a6 15. Bc6 Rab8 16. Nf3 Nc8 17. b3 Ne7 18. Ke2 Rb6 19. Be4
Re6 20. Kd3 c6 21. Rc5 g6 22. Rhc1 Rdd6 23. Ra5 Bg7 24. Ng5 Rf6 25. f4 h6
26. Nf3 Rfe6 27. Ne5 f5 28. Bf3 g5 29. g3 gxf4 30. gxf4 Kh7 31. Rcc5 Bf6
32. Rxa6 1-0

[Event "38th Olympiad"]
[Site "Dresden GER"]
[Date "2008.11.25"]
[Round "11"]
[White "Jere,D"]
[Black "Kirby,P"]
[Result "1-0"]
[WhiteElo "2240"]
[BlackElo "2049"]
[EventDate "2008.11.13"]

1. c4 Nf6 2. g3 g6 3. Bg2 Bg7 4. Nc3 O-O 5. Nf3 d5 6. cxd5 Nxd5 7. Nxd5
Qxd5 8. O-O e5 9. d3 Nc6 10. Be3 Qd6 11. Nd2 Nd4 12. Nc4 Qe7 13. Re1 c6 14.
Bd2 Bg4 15. h3 Be6 16. e3 Nf5 17. Bc3 f6 18. a4 Rfd8 19. Qb1 Qd7 20. Rd1
Nd6 21. Nxd6 Qxd6 22. b4 Qd7 23. Kh2 Bd5 24. e4 Be6 25. d4 Qf7 26. dxe5
Rxd1 27. Qxd1 fxe5 28. Qd2 Rf8 29. Kg1 Qd7 30. Qxd7 Bxd7 31. Bf1 Be6 32. b5
Rc8 33. Bd2 Bf8 34. Rc1 cxb5 35. Rxc8 Bxc8 36. axb5 Kf7 37. Bc3 Bd6 38.
Bc4+ Be6 39. Bxe6+ Kxe6 40. Kf1 h5 41. Ke2 Bc5 42. f3 Kd6 43. Kd3 Bf2 44.
Bb4+ Ke6 45. g4 hxg4 46. fxg4 Kf6 47. Ke2 Bd4 48. Bd2 Ke6 49. Kd3 Kd6 50.
Bb4+ Ke6 51. Be1 Kd6 52. Kc4 Ke6 53. h4 Be3 54. Kd3 Bd4 55. Bd2 Bf2 56. Bg5
Bd4 57. Be3 a5 58. Bxd4 exd4 59. Kxd4 b6 60. h5 gxh5 61. gxh5 Kf6 62. e5+
Ke6 63. h6 Kf7 64. e6+ 1-0

[Event "38th Olympiad"]
[Site "Dresden GER"]
[Date "2008.11.25"]
[Round "11"]
[White "Lin Chung Yu Lee"]
[Black "Al Subaihi,K"]
[Result "0-1"]
[WhiteElo "1674"]
[BlackElo "2187"]
[EventDate "2008.11.13"]

1. Nf3 Nf6 2. d4 e6 3. c4 d5 4. e3 c5 5. b3 Nc6 6. Bb2 cxd4 7. Nxd4 Bb4+ 8.
Nc3 Ne4 9. Rc1 Qa5 10. Nxc6 bxc6 11. a3 Bxc3+ 12. Bxc3 Nxc3 13. Qd2 Qxa3
14. Qxc3 O-O 15. Bd3 Rb8 16. Rb1 Qb4 17. Kd2 Qe7 18. h4 e5 19. e4 dxe4 20.
Bxe4 Qc5 21. Ke2 Be6 22. Qf3 f5 23. Bc2 a5 24. Qe3 Qe7 25. Ra1 f4 26. Qf3
Qc5 27. Qc3 Rb4 28. Rhe1 e4 29. Kf1 e3 30. Ra2 a4 31. fxe3 axb3 32. Bxb3
Rxb3 33. Qa1 Bxc4+ 34. Kg1 Rxe3 35. Rxe3 Qxe3+ 36. Kh1 Bxa2 37. Qxa2+ Kh8
38. Qa4 Qe1+ 39. Kh2 Qxh4+ 40. Kg1 Re8 41. g3 Qxg3+ 0-1

[Event "38th Olympiad"]
[Site "Dresden GER"]
[Date "2008.11.25"]
[Round "11"]
[White "Al Hadarani,H"]
[Black "Yueh Wei Po"]
[Result "1-0"]
[WhiteElo "2308"]
[BlackElo "1920"]
[EventDate "2008.11.13"]

1. d4 d5 2. Nf3 Nf6 3. Bf4 Bf5 4. e3 e6 5. Nh4 Bg6 6. Be2 Bd6 7. Bg3 O-O 8.
Nd2 c5 9. Nxg6 hxg6 10. c3 Nc6 11. dxc5 Bxc5 12. h4 Bd6 13. Rh3 e5 14. Qb3
Qe7 15. Bh2 d4 16. Nc4 dxc3 17. bxc3 Rfd8 18. Rb1 Rab8 19. Bd3 e4 20. Bxd6
Rxd6 21. Nxd6 exd3 22. Nc4 Ne4 23. Nd2 Nc5 24. Qd5 Rd8 25. Qg5 Qd6 26. h5
Ne6 27. Qg3 Qxg3 28. Rxg3 b6 29. hxg6 fxg6 30. Rxg6 Kf7 31. Rg4 Rh8 32. f4
Nc5 33. Kf2 Ne7 34. e4 Ng6 35. Ke3 Kf6 36. Nb3 Nxb3 37. axb3 Rd8 38. Rd1
Ne7 39. Rxd3 Rxd3+ 40. Kxd3 1-0

[Event "38th Olympiad"]
[Site "Dresden GER"]
[Date "2008.11.25"]
[Round "11"]
[White "Chen Yan Fong"]
[Black "Al Zendani,Z"]
[Result "0-1"]
[WhiteElo "1865"]
[BlackElo "2400"]
[EventDate "2008.11.13"]

1. c4 e5 2. Nc3 Nc6 3. Nf3 Nf6 4. g3 d5 5. cxd5 Nxd5 6. Bg2 Nb6 7. O-O Be7
8. d3 O-O 9. Be3 Be6 10. Qd2 Qc8 11. Rfd1 Rd8 12. Qe1 Nd5 13. Bd2 h6 14.
Qf1 a5 15. Nxd5 Bxd5 16. Bh3 Be6 17. Bxe6 Qxe6 18. a3 Bf6 19. Bc3 e4 20.
dxe4 Bxc3 21. bxc3 Qxe4 22. Rxd8+ Rxd8 23. Rd1 Re8 24. Rd7 Qc2 25. e3 Qxc3
26. Rxc7 Qf6 27. Kg2 Re7 28. Rxe7 Qxe7 29. Qb5 Qxa3 30. Qxb7 Qd6 31. Nh4
Qd5+ 32. Kg1 g6 33. Qc8+ Kg7 34. Qg4 Ne5 35. Qa4 Nc4 36. Qa1+ Kg8 37. Qa4
Qe4 38. Qd1 Ne5 39. Qd8+ Kg7 40. Qxa5 g5 41. Ng2 Nf3+ 42. Kf1 Qd3+ 0-1

[Event "38th Olympiad"]
[Site "Dresden GER"]
[Date "2008.11.25"]
[Round "11"]
[White "Al Qudaimi,B"]
[Black "Ho Hou Meng,H"]
[Result "1-0"]
[WhiteElo "2464"]
[BlackElo "1926"]
[EventDate "2008.11.13"]

1. e4 e6 2. d4 d5 3. Nd2 Nf6 4. e5 Nfd7 5. c3 c5 6. f4 Nc6 7. Ndf3 b6 8.
Bd3 a5 9. f5 Ndb8 10. fxe6 Bxe6 11. Ne2 Be7 12. O-O h6 13. Nf4 Qc8 14. Qe1
c4 15. Bc2 a4 16. Qg3 Bf8 17. Nxe6 Qxe6 18. Nh4 Ne7 19. Nf5 Nxf5 20. Bxf5
Qe7 21. Qf3 Ra5 22. e6 f6 23. Bf4 Nc6 24. Qg3 Kd8 25. Bg6 Kc8 26. Rfe1 Qa7
27. Be8 Ne7 28. Bd7+ Kb7 29. Qf3 Ng6 30. Bg3 Be7 31. Qh5 1-0

[Event "38th Olympiad"]
[Site "Dresden GER"]
[Date "2008.11.25"]
[Round "11"]
[White "Surbir,L"]
[Black "Matoewi,R"]
[Result "1-0"]
[WhiteElo "2084"]
[BlackElo "2182"]
[EventDate "2008.11.13"]

1. e4 c5 2. Nf3 d6 3. d4 cxd4 4. Nxd4 Nf6 5. Nc3 g6 6. Be3 Bg7 7. f3 O-O 8.
Qd2 Nc6 9. O-O-O Bd7 10. g4 Rc8 11. Kb1 Ne5 12. h4 h5 13. Bh6 Rxc3 14. bxc3
hxg4 15. Bxg7 Kxg7 16. h5 Rh8 17. h6+ Kh7 18. f4 Qb6+ 19. Ka1 Nf3 20. Nxf3
gxf3 21. Qd4 Qxd4 22. Rxd4 Bc6 23. Bd3 Ng4 24. Kb2 Nxh6 25. Rf1 Kg7 26.
Rxf3 f6 27. Rh3 Nf7 28. Rxh8 Kxh8 29. Bc4 Kg7 30. Bd5 Bxd5 31. exd5 g5 32.
fxg5 fxg5 33. Ra4 a6 34. Rb4 Kf6 35. Kc1 b5 36. c4 bxc4 37. Rxc4 Ne5 38.
Ra4 g4 39. Kd1 Kf5 40. Ke2 Ng6 41. Rxa6 Nf4+ 42. Kf2 Nxd5 43. Ra5 Ke4 44.
Rb5 Kd4 45. a4 e5 46. a5 e4 47. Rb3 e3+ 48. Kf1 Ke4 49. a6 Nc7 50. a7 Kf3
51. Rb7 e2+ 52. Ke1 Na8 53. Rb8 g3 54. Rxa8 1-0

[Event "38th Olympiad"]
[Site "Dresden GER"]
[Date "2008.11.25"]
[Round "11"]
[White "Gajadin,D"]
[Black "Balram,N"]
[Result "0-1"]
[WhiteElo "2191"]
[BlackElo "1909"]
[EventDate "2008.11.13"]

1. e4 e6 2. d4 b6 3. Nf3 d5 4. e5 c5 5. c3 Nc6 6. Be2 f6 7. exf6 Nxf6 8.
Ne5 Nxe5 9. dxe5 Nd7 10. Bd3 Nxe5 11. Qh5+ Nf7 12. Nd2 g6 13. Qe2 Bd7 14.
h4 Qf6 15. Nf3 Bd6 16. Bd2 O-O-O 17. a4 a5 18. b4 c4 19. Bc2 Bxb4 20. O-O
Bc5 21. Be3 Qe7 22. Rab1 Kb7 23. Rb2 Ka6 24. Rfb1 Rb8 25. Bd4 Rhe8 26. Qe3
Rec8 27. Ne5 Nxe5 28. Qxe5 Rb7 29. g3 Bxd4 30. Qxd4 Qd6 31. Re1 Rf8 32. Re5
Qa3 33. Rb1 Qa2 34. Re2 Bxa4 35. Rxe6 Bb3 36. Rxb3 cxb3 37. Bd3+ Ka7 38.
Qxd5 Qxf2+ 39. Kh1 Qf3+ 40. Qxf3 Rxf3 41. Be4 Rf8 42. Bd3 Rf3 43. Kg1 Rf2
44. Rxb6 Rg2+ 45. Kxg2 a4 46. Kf2 0-1

[Event "38th Olympiad"]
[Site "Dresden GER"]
[Date "2008.11.25"]
[Round "11"]
[White "Sujendra,P"]
[Black "Siban,M"]
[Result "1-0"]
[WhiteElo "2068"]
[BlackElo "2067"]
[EventDate "2008.11.13"]

1. d4 Nf6 2. Nc3 d5 3. Bg5 e6 4. Nf3 Be7 5. e3 O-O 6. Bd3 Nbd7 7. Ne2 c5 8.
c3 Re8 9. O-O c4 10. Bc2 b5 11. Ng3 Bb7 12. Qe2 a5 13. Rad1 Qb6 14. Ne5 Nf8
15. f4 h6 16. Bxf6 Bxf6 17. Ng4 Qd8 18. Nh5 Nd7 19. Rf3 Kf8 20. Rg3 Bh4 21.
Rh3 g6 22. Nxh6 Nf6 23. Nxf6 Bxf6 24. Nxf7 Kxf7 25. Bxg6+ Kg8 26. Qg4 Bg7
27. Bxe8 Qxe8 28. Rf1 Bc8 29. Rff3 Ra7 30. Rfg3 Qf7 31. Qh4 Qf5 32. Qh8+
1-0

[Event "38th Olympiad"]
[Site "Dresden GER"]
[Date "2008.11.25"]
[Round "11"]
[White "Veer,W"]
[Black "Manish,H"]
[Result "0-1"]
[WhiteElo "1959"]
[BlackElo "2028"]
[EventDate "2008.11.13"]

1. c4 Nf6 2. Nc3 e6 3. Nf3 d5 4. e3 c5 5. d4 Nc6 6. Be2 Be7 7. O-O O-O 8.
a3 b6 9. cxd5 Nxd5 10. e4 Nxc3 11. bxc3 Bb7 12. d5 exd5 13. exd5 Na5 14. c4
b5 15. cxb5 Bxd5 16. Rb1 Bf6 17. Be3 c4 18. Qa4 Qc7 19. Rfc1 Rfc8 20. g3 h6
21. Nd4 Bxd4 22. Bxd4 Qe7 23. Qxa5 Qxe2 24. Qc3 Qg4 25. Rf1 h5 26. f3 Qg6
27. Rbd1 Be6 28. a4 Rd8 29. Qe3 Rd7 30. Bc3 Rad8 31. Rxd7 Rxd7 32. Qe5 Kh7
33. f4 Qg4 34. a5 f6 35. Qe4+ Bf5 36. Qe1 Rd3 37. b6 axb6 38. axb6 h4 39.
Bxf6 hxg3 40. h4 Qh3 41. Qe2 Qh2+ 42. Qxh2 gxh2+ 43. Kxh2 gxf6 44. Rc1 Rd2+
45. Kg3 Bd3 46. Re1 Rb2 47. Re7+ Kg6 48. b7 c3 49. Rc7 c2 50. Kf3 Rxb7 0-1

[Event "38th Olympiad"]
[Site "Dresden GER"]
[Date "2008.11.25"]
[Round "11"]
[White "Gilruth,P"]
[Black "Grooten,H"]
[Result "0-1"]
[WhiteElo "2185"]
[BlackElo "2376"]
[EventDate "2008.11.13"]

1. Nf3 Nf6 2. c4 b6 3. g3 c5 4. Bg2 Bb7 5. O-O e6 6. Nc3 Be7 7. Re1 d6 8.
e4 a6 9. d4 cxd4 10. Nxd4 Qc7 11. Qe2 Nbd7 12. f4 Rc8 13. b3 b5 14. f5 e5
15. Nc2 bxc4 16. b4 O-O 17. g4 h6 18. h4 Nh7 19. g5 hxg5 20. h5 Rfe8 21.
Be3 Ndf6 22. Bf3 d5 23. exd5 e4 24. Bg2 Qg3 25. Qf2 Qg4 26. Qe2 Qxf5 27.
Rf1 Qe5 28. Bd4 Qc7 29. Rf5 Rcd8 30. Raf1 Bc8 31. Ne3 Bxf5 32. Rxf5 Bxb4
33. Na4 Qg3 34. h6 Bd6 35. hxg7 Qh2+ 36. Kf1 Nh5 37. Qf2 Ng3+ 38. Ke1 Nxf5
39. Nxf5 e3 40. Qf3 Be5 41. Bb6 Rxd5 42. Qxd5 Qg1+ 43. Ke2 Qf2+ 44. Kd1 e2+
45. Kc2 e1=N+ 0-1

[Event "38th Olympiad"]
[Site "Dresden GER"]
[Date "2008.11.25"]
[Round "11"]
[White "Dekker,Marv"]
[Black "Magana,B"]
[Result "1-0"]
[WhiteElo "2130"]
[BlackElo "2141"]
[EventDate "2008.11.13"]

1. c4 e5 2. Nc3 Nf6 3. Nf3 Nc6 4. d4 e4 5. Ng5 Bb4 6. d5 Nb8 7. Qc2 Bxc3+
8. bxc3 Qe7 9. g3 h6 10. Nh3 d6 11. Bg2 Nbd7 12. O-O O-O 13. f4 Nb6 14. c5
dxc5 15. c4 Bf5 16. e3 Nc8 17. Nf2 Nd6 18. h3 h5 19. Bb2 Rfd8 20. Qe2 Re8
21. g4 hxg4 22. hxg4 Bd7 23. Kh2 b5 24. Rh1 Nxc4 25. g5 Nxb2 26. Qxb2 Ng4+
27. Nxg4 Bxg4 28. Kg3 Bf5 29. Bh3 Bg6 30. Qh2 f5 31. gxf6 Qxf6 32. Be6+ Kf8
33. Qc2 c4 34. Qb1 Bf7 35. Qb4+ Kg8 36. Bxf7+ Qxf7 37. Rh4 Qxd5 38. Rah1
Rad8 39. Rh5 Qd2 40. Qc5 Qd6 41. Qf5 Qf6 42. Qh7+ Kf7 43. Rf5 1-0